000 01175nac a22003131i 4500
003 EG-ScBUE
005 20230226053517.0
008 230226t1993 caua f 001 0 eng d
020 _a0897212266
040 _aEG-ScBUE
_beng
_erda
_cEG-ScBUE
_dEG-ScBUE
082 0 4 _a747.98
_bHOD
_222
100 1 _aHodgson, Larry,
_eauthor.
245 1 0 _aDecorating with houseplants /
_ccreated and designed by the editorial staff of Ortho Books ; project editor, Marianne Lipanovich ; writers, Larry Hodgson, Charles C. Powell ; additional text, Donald M. Vining.
264 1 _aSan Ramon, CA :
_bOrtho Books, Chevron Chemical Company,
_c[1993]
264 4 _cc1993
300 _a112 pages :
_bcolor illustrations ;
_c28 cm
336 _2rdacontent
_atext
_btxt
337 _2rdamedia
_aunmediated
_bn
338 _2rdacarrier
_avolume
_bnc
500 _aIncludes index.
650 7 _aHouse plants in interior decoration.
_2BUEsh
650 7 _aInterior landscaping.
_2BUEsh
653 _bART
655 _vReading book
700 1 _aLipanovich, Marianne,
_eeditor.
700 1 _aPowell, Charles C.,
_eauthor.
700 1 _aVining, Donald M.,
_econtributor.
942 _cBB
_2ddc
999 _c6073
_d6073